| 000 | 00367pab a2200145 454500 | ||
|---|---|---|---|
| 008 | 180718b2005 xxu||||| |||| 00| 0 eng d | ||
| 100 | _aSankaran, P.N. | ||
| 245 | _aNational Knowledge Commission: need for a holistic approach | ||
| 260 | _c2005 | ||
| 300 | _ap.27-31. | ||
| 362 | _aAug | ||
| 650 | _aKnowledge management | ||
| 773 | _aKurukshetra | ||
| 909 | _a66426 | ||
| 999 |
_c66426 _d66426 |
||